| 000 | 00505nam a2200205Ia 4500 | ||
|---|---|---|---|
| 003 | OSt | ||
| 005 | 20230415085935.0 | ||
| 008 | 210423s2009 xx 000 0 und d | ||
| 040 | _cAL | ||
| 041 | _aeng | ||
| 082 |
_a410 _223 _bRADA |
||
| 100 |
_aRADFORD (Andrew);others. _988576 |
||
| 245 | _aLinguistics: introduction. | ||
| 250 | _a2 | ||
| 260 |
_aUK _bCambridge University Press _c2009 |
||
| 300 | _axv,433 | ||
| 365 |
_b2516 _cINR |
||
| 906 | _aintroduction. ; Linguistics: | ||
| 942 |
_2ddc _cBK |
||
| 999 |
_c157489 _d157489 |
||